Every Country to win a Paralympic Medal: Weightlifting - Statistics

General Stats
  • This quiz has been taken 3 times
  • The average score is 11 of 25
Answer Stats
# of Medals Country % Correct
35 France
100%
15 Great Britain
100%
25 USA
100%
12 Australia
67%
1 Indonesia
67%
14 Israel
67%
1 Japan
67%
2 New Zealand
67%
10 Poland
67%
3 South Korea
67%
2 Argentina
33%
3 Belgium
33%
2 Egypt
33%
4 Finland
33%
1 Iceland
33%
2 Jamaica
33%
3 Malaysia
33%
2 Mexico
33%
2 Norway
33%
1 South Africa
33%
6 Switzerland
33%
2 Guatemala
0%
1 Kuwait
0%
1 Luxembourg
0%
18 Sweden
0%
No matching quizzes found
Score Distribution
Percent of People with Each Score
Percentile by Number Answered
Your Score History
You have not taken this quiz